000 00946nac a22002777a 4500
001 BR7404007
003 BR-BrBNA
005 20240105113757.0
008 230509b bl.|||m| |||| 00| 0 por d
040 _aBR-BrBNA
_bpor
_cBiblioteca Nacional de Agricultura
072 _aK10
090 _a3140 BR7404007
100 1 _aCarneiro, J.G.A.
100 1 _aRocha, F.
110 1 _aSecretaria de Estado dos Negocios da Agricultura, Curitiba, PR (Brasil). Depto. da Producao Vegetal
_98943
245 1 _aCubagem de terra para mudas de Pinus taeda em laminados [pinheiro]
260 3 _aCuritiba, PR (Brasil):
_c1974.
300 _a20 p.
490 _aBoletim Tecnico - Secretaria de Estado dos Negocios da Agricultura. Depto. da Producao Vegetal (Brazil)
_vno. 14
_x
500 _aSummaries (En, Pt)
650 _aPINHEIRO
650 _aMUDA
650 _aPARANA
909 _a202312
_bLúcia Elande
_c55
_dLúcia Elande
942 _2AGRIS
_n0
_cMS
999 _c265507
_d265507